|
|
|
|
| LEADER |
03603nam a22005295i 4500 |
| 001 |
978-3-319-20699-8 |
| 003 |
DE-He213 |
| 005 |
20160114175938.0 |
| 007 |
cr nn 008mamaa |
| 008 |
160114s2016 gw | s |||| 0|eng d |
| 020 |
|
|
|a 9783319206998
|9 978-3-319-20699-8
|
| 024 |
7 |
|
|a 10.1007/978-3-319-20699-8
|2 doi
|
| 040 |
|
|
|d GrThAP
|
| 050 |
|
4 |
|a HD28-70
|
| 072 |
|
7 |
|a KJU
|2 bicssc
|
| 072 |
|
7 |
|a BUS063000
|2 bisacsh
|
| 082 |
0 |
4 |
|a 658.1
|2 23
|
| 100 |
1 |
|
|a Issar, Gilad.
|e author.
|
| 245 |
1 |
0 |
|a Operational Excellence
|h [electronic resource] :
|b A Concise Guide to Basic Concepts and Their Application /
|c by Gilad Issar, Liat Ramati Navon.
|
| 250 |
|
|
|a 1st ed. 2016.
|
| 264 |
|
1 |
|a Cham :
|b Springer International Publishing :
|b Imprint: Springer,
|c 2016.
|
| 300 |
|
|
|a XIII, 194 p. 27 illus.
|b online resource.
|
| 336 |
|
|
|a text
|b txt
|2 rdacontent
|
| 337 |
|
|
|a computer
|b c
|2 rdamedia
|
| 338 |
|
|
|a online resource
|b cr
|2 rdacarrier
|
| 347 |
|
|
|a text file
|b PDF
|2 rda
|
| 490 |
1 |
|
|a Management for Professionals,
|x 2192-8096
|
| 505 |
0 |
|
|a Introduction -- Assurance of Supply (AOS) -- Cost of Goods (COGs) -- Decision Support Systems (DSS) -- Drum, Buffer, Rope and Days of Inventory (DOI) Control -- Emails (the LEAN Version) -- Empowerment -- Enterprise Resource Planning (ERP).-Failure Mode and Effect Analysis (FMEA) -- Gross Margin (GM) -- Hiring Practices for Operations -- Human Resources (HR) -- Innovation in the Operations -- Interfaces and Their Improvement in Operations -- Just in Time (JIT) -- Kan Ban -- Key Performances Indicators (KPI) -- LEAN Operations -- Leadership in the Operations -- Meetings and LEAN Decision Making -- Manufacturing Overhead (MOH) and Departmental Expense Control -- Manufacturing Excellence in Daily Life -- New Product Introduction (NPI) -- One on One Meeting -- Personal Development -- People Motivation, Productivity and Satisfaction -- Quality -- Return on Investment (ROI) Calculations and CAPEX Decisions -- Safety -- Supply Chain and Win-Win Relations with the Suppliers -- Services and Customer Assurance -- Team Work and its Development -- Theory of Constraint (TOC) -- Variability - Managing the Variability in Operations -- Voice of the Employee -- Yield, Improvement and Sustaining High Yield -- Where, When and How We Can Apply the Operational Excellence Concise Guide Methods?.
|
| 520 |
|
|
|a As industrial companies are placing a higher focus on operations, this book comes at the right time with a compilation of basic concepts of Operational Excellence and their application. Operational excellence allows companies to recover from reductions in gross margins and low profitability, which largely occur due to a rise in agile competition and the short life span of new technologies. This book helps managers and consulting academicians as a ready reference for cross-industry implementation of operational excellence.
|
| 650 |
|
0 |
|a Business.
|
| 650 |
|
0 |
|a Organization.
|
| 650 |
|
0 |
|a Planning.
|
| 650 |
|
0 |
|a Operations research.
|
| 650 |
|
0 |
|a Decision making.
|
| 650 |
|
0 |
|a Sales management.
|
| 650 |
1 |
4 |
|a Business and Management.
|
| 650 |
2 |
4 |
|a Organization.
|
| 650 |
2 |
4 |
|a Operation Research/Decision Theory.
|
| 650 |
2 |
4 |
|a Sales/Distribution.
|
| 700 |
1 |
|
|a Navon, Liat Ramati.
|e author.
|
| 710 |
2 |
|
|a SpringerLink (Online service)
|
| 773 |
0 |
|
|t Springer eBooks
|
| 776 |
0 |
8 |
|i Printed edition:
|z 9783319206981
|
| 830 |
|
0 |
|a Management for Professionals,
|x 2192-8096
|
| 856 |
4 |
0 |
|u http://dx.doi.org/10.1007/978-3-319-20699-8
|z Full Text via HEAL-Link
|
| 912 |
|
|
|a ZDB-2-BUM
|
| 950 |
|
|
|a Business and Management (Springer-41169)
|